000 00483nam a22001817a 4500
003 OSt
005 20241129161607.0
008 230320s2024||||per||||gr|||||||| ||spa||
020 _a9786124194399
040 _cumch
_bspa
_dUMCH
_erda
082 _a869.5008/U61 2024
100 _aMuñoz Cuchca, Amado
_eCompilador
245 0 _aPalabras Que Cuentan Vol. 10
_cComp. Amado Muñoz Cuchca
260 _bUMCH
300 _a203 p.
650 _apoesía
_xcompilación
942 _cLIB
_2ddc
999 _c53515
_d53515